Bifurcation theory and nonlinear eigenvalue problems / (Record no. 28788)
[ view plain ]
| 000 -LEADER | |
|---|---|
| fixed length control field | 00443 a2200145 4500 |
| 003 - CONTROL NUMBER IDENTIFIER | |
| control field | NUST |
| 005 - DATE AND TIME OF LATEST TRANSACTION | |
| control field | 20180117113834.0 |
| 008 - FIXED-LENGTH DATA ELEMENTS--GENERAL INFORMATION | |
| fixed length control field | 180117b xxu||||| |||| 00| 0 eng d |
| 040 ## - CATALOGING SOURCE | |
| Transcribing agency | NUST |
| 082 ## - DEWEY DECIMAL CLASSIFICATION NUMBER | |
| Classification number | 530.15 KEL |
| 100 1# - MAIN ENTRY--PERSONAL NAME | |
| Personal name | Keller, Joseph Bishop. |
| 9 (RLIN) | 8534 |
| 245 10 - TITLE STATEMENT | |
| Title | Bifurcation theory and nonlinear eigenvalue problems / |
| Statement of responsibility, etc. | Joseph Bishop Keller. |
| 250 ## - EDITION STATEMENT | |
| Edition statement | 1st ed. |
| 260 ## - PUBLICATION, DISTRIBUTION, ETC. | |
| Place of publication, distribution, etc. | [S.l.] : |
| Name of publisher, distributor, etc. | W. A. Benjamin, |
| Date of publication, distribution, etc. | 1969. |
| 300 ## - PHYSICAL DESCRIPTION | |
| Extent | 434 p. |
| 490 1# - SERIES STATEMENT | |
| Series statement | Mathematics lecture note series. |
| 830 #0 - SERIES ADDED ENTRY--UNIFORM TITLE | |
| Uniform title | Mathematics lecture note series. |
| 9 (RLIN) | 8535 |
| 942 ## - ADDED ENTRY ELEMENTS (KOHA) | |
| Institution code [OBSOLETE] | SNS |
| Koha item type | Book |
| Call number prefix | 530.15 KEL |
| Source of classification or shelving scheme | |
| Withdrawn status | Lost status | Damaged status | Not for loan | Permanent Location | Current Location | Date acquired | Total Checkouts | Full call number | Barcode | Date last seen | Price effective from | Koha item type |
|---|---|---|---|---|---|---|---|---|---|---|---|---|
| School of Natural Sciences (SNS) | School of Natural Sciences (SNS) | 05/26/2016 | 530.15 KEL | SNS0000045 | 05/26/2016 | 05/26/2016 | Book |
